000 00362nam a22001457a 4500
082 _a321.8
_bLES/D
100 _aLester Pearson
245 _aDemocracy in World Politics/
_cby Lester Pearson
260 _aNewyork:
_bPyramid Books,
_c1955.
300 _a128p.
650 _aDemocracy
650 _aPolitical Science
650 _aSocial Sciences
942 _cBK
999 _c176627
_d176627